Statistics for Mystery Categories #4

Click here to take the quiz!

General Stats

  • This quiz has been taken 77 times
  • The average score is 19 of 30

Answer Stats

HintAnswer% Correct
An extremely young childBaby
100%
The night to go trick-or-treatingHalloween
95%
Flash of light produced by atmospheric electricityLightning
88%
A comic entertainer, especially one in a circusClown
86%
_____ Movie, a spoof of the film 'Scream'Scary
83%
Not ordinarily tame or domesticatedWild
83%
Snow in swift motion down a mountainAvalanche
80%
A person who receives or entertains guestsHost
80%
Tropical bird that is often crested and brightly coloredParrot
74%
Common domestic fowlChicken
71%
Light reddish or reddish-brown hair colorGinger
71%
Elegant or stylishly luxuriousPosh
68%
CategorySpice Girls
68%
The glowing gaseous parts of a fireFlames
65%
_____ Address, a speech delivered by President LincolnGettysburg
65%
A yellow metallic element that occurs naturallyGold
65%
1974 hit for Swedish band ABBAWaterloo
65%
CategoryBattles
63%
Tiling puzzle made up of interlocking piecesJigsaw
63%
A starchy plant tuber, cooked and eaten as a vegetable.Potato
62%
CategoryHorror Movies
52%
Title used by Roman emperorsCaesar
51%
The sweet and fleshy product of a seed plantFruit
49%
CategorySalads
48%
English town that became home to William the ConquerorHastings
43%
CategoryFish
42%
Former name of the Snickers chocolate barMarathon
37%
Genetically transmittable from parent to offspringHereditary
34%
'Red Dwarf' character played by Danny John-JulesCat
31%
CategoryNHL Teams
26%

Score Distribution

Percentile by Number Answered

Percent of People with Each Score

Your Score History

You have not taken this quiz